| 000 | 01124nam a22002177a 4500 | ||
|---|---|---|---|
| 005 | 20250917165107.0 | ||
| 008 | 240326b ||||| |||| 00| 0 eng d | ||
| 082 | _aDPer 621.381 In821 September 2022 v. 37 n. 9 | ||
| 100 |
_aTayyara, Omri. _eauthor. _955385 |
||
| 245 |
_aThermal characterization approach for In Situ estimation of thermophysical properties of magnetic compoments of electric vehicle fast chargers / _cOmri Tayyara, Maan Al-Zareer, Carlos M. da Silva, Youhan Monsoon Fu, Mehrdad Mastali, and Cristina H. Amon. |
||
| 260 |
_aNew York ; _bThe Institute of Electrical and Electronics Engineers, Inc. , _cSeptember 2022. |
||
| 300 |
_aVolume 37, pages 10761-10774 : _billustration ; _c28 cm. |
||
| 500 | _aIEEE Transitions on Power Electronics, v. 37 n. 9, pages 10761-10774, September 2022. | ||
| 700 |
_aTayyara, Omri. _eauthor. _955385 |
||
| 700 |
_aAl-Zareer, Maan. _eauthor. _955386 |
||
| 700 |
_ada Silva, Carlos M. _eauthor. _955387 |
||
| 700 |
_aFu, Youhan Monsoon. _eauthor. _955388 |
||
| 700 |
_aMastali, Mehrdad. _eauthor. _955389 |
||
| 700 |
_aAmon, Cristina H. _eauthor. _955390 |
||
| 942 |
_2ddc _cPER |
||
| 999 |
_c19852 _d19852 |
||